=LDR 00000nam 2200000 4500 =001 NUTBA000000000004065 =005 20140902113139.0 =006 =007 =008 =020 ##$$a 978-602-9212-41-9 =035 ##$$a 0010-091400000000098 =040 ##$$a NBPDMAT =090 ##$$a 641.123 2 $b Gro g =245 ##$$a Growing up usia 2 tahun/ $c Tim Parents Guide =260 ##$$a Solo : $b Metagraf, $c 2012 =300 ##$$a xi, 216 hlm. : ilus. ; 19 cm. =650 ##$$a Anak - Perawatan dan Kesehatan =850 ##$$a NBPDMAT =990 ##$$a 21409007